Gustavo Cerati - Gira Ahi Vamos - Estadísticas

Estadísticas generales
  • Esta prueba ha sido intentada 10 veces
  • La puntuación promedio es 23 de 46
Estadísticas de respuestas
Hint Respuesta % Correcto
México Ciudad de Mexico
100%
México Monterrey
100%
Uruguay Montevideo
100%
Argentina Buenos Aires
89%
Venezuela Caracas
89%
Perú Lima
89%
Estados Unidos Miami
89%
Chile Santiago
89%
Paraguay Asunción
78%
España Barcelona
78%
Colombia Bogotá
78%
Argentina Córdoba
78%
Reino Unido Londres
78%
España Madrid
78%
Argentina Mendoza
78%
Estados Unidos Nueva York
67%
España Bilbao
56%
Panamá Ciudad de Panamá
56%
México Guadalajara
56%
Estados Unidos Los Ángeles
56%
Colombia Medellín
56%
Argentina Salta
56%
Estados Unidos (Puerto Rico) San Juan
56%
Chile Viña del Mar
56%
Chile Concepción
44%
Argentina La Plata
44%
Uruguay Punta del Este
44%
Argentina Rosario
44%
República Dominicana Santo Domingo
44%
España Valencia
44%
Venezuela Valencia
44%
Estados Unidos Chicago
33%
Argentina Santa Fe
33%
Perú Arequipa
22%
Argentina Mar del Plata
22%
Costa Rica San José
22%
Estados Unidos Washington
22%
México Chihuahua
11%
Argentina Tucumán
11%
México Aguascalientes
0%
Estados Unidos Anaheim
0%
Estados Unidos Atlanta
0%
México Ciudad Juárez
0%
España Palma de Mallorca
0%
España Santiago de Compostela
0%
México Tijuana
0%
No se encontraron pruebas coincidentes
Distribución de puntuación
Porcentaje de gente con cada puntuación
Porcentaje por número respondido
Historial de tus puntuaciones
No has intentado esta prueba.